000 00362 a2200169 4500
001 175363
020 _a85-16-01583-1
040 _cMagnum
100 _aOlic, Nelson Bacic
240 1 0 _aRumo ao centro-oeste
_lpor
245 1 0 _aRumo ao centro-oeste
300 _a87
362 0 _a1996
440 1 _aModerna
697 _aGEOGRAFIA DO BRASIL
942 _cBK
999 _c175363
_d175363